Textbook of Thermal Engineering (Record no. 757)

MARC details
000 -LEADER
fixed length control field 00331nam a2200133Ia 4500
008 - FIXED-LENGTH DATA ELEMENTS--GENERAL INFORMATION
fixed length control field 191201s1978 xx 000 0 und d
082 ## - DEWEY DECIMAL CLASSIFICATION NUMBER
Classification number 621.01
Item number KHT
100 ## - MAIN ENTRY--PERSONAL NAME
Personal name KHURMI, R.S
245 #0 - TITLE STATEMENT
Title Textbook of Thermal Engineering
260 ## - PUBLICATION, DISTRIBUTION, ETC. (IMPRINT)
Place of publication, distribution, etc N.Delhi
Name of publisher, distributor, etc S Chand and Co. Ltd.
Date of publication, distribution, etc 1978
300 ## - PHYSICAL DESCRIPTION
Extent 895
650 ## - SUBJECT ADDED ENTRY--TOPICAL TERM
Topical term or geographic name as entry element B.Tech(ME)
942 ## - ADDED ENTRY ELEMENTS (KOHA)
Source of classification or shelving scheme Dewey Decimal Classification
Koha item type Text Books
Holdings
Withdrawn status Lost status Source of classification or shelving scheme Damaged status Not for loan Collection code Home library Current library Date acquired Source of acquisition Cost, normal purchase price Bill Number Total Checkouts Full call number Acc. no. / Barcode Date last seen Date last borrowed Bill Date Koha item type Public note
    Dewey Decimal Classification     B.Tech(ME) PIET C-LIBRARY PIET C-LIBRARY 22/10/2010 J B C, New Delhi 350.00 952 9transfer from BB) 1 621.01 KHT 16801 28/02/2020 27/02/2020 22/09/2007 Text Books Transfer BB To Main
    Dewey Decimal Classification     B.Tech(ME) PIET C-LIBRARY PIET C-LIBRARY 22/10/2010 J B C, New Delhi 350.00 952 9transfer from BB) 4 621.01 KHT 16802 13/06/2023 29/05/2023 22/09/2007 Text Books Transfer BB To Main
    Dewey Decimal Classification     B.Tech(ME) PIET C-LIBRARY PIET C-LIBRARY 22/10/2010 J B C, New Delhi 350.00 952 9transfer from BB) 2 621.01 KHT 16803 12/10/2020 13/03/2020 22/09/2007 Text Books Transfer BB To Main
    Dewey Decimal Classification     B.Tech(ME) PIET C-LIBRARY PIET C-LIBRARY 22/10/2010 J B C, New Delhi 350.00 952 9transfer from BB) 2 621.01 KHT 16804 01/03/2021 04/03/2020 22/09/2007 Text Books Transfer BB To Main
    Dewey Decimal Classification     B.Tech(ME) PIET C-LIBRARY PIET C-LIBRARY 22/10/2010 J B C, New Delhi 350.00 952 9transfer from BB) 2 621.01 KHT 16805 24/04/2023 07/04/2023 22/09/2007 Text Books Transfer BB To Main

Design & Developed by: PIET Central Library
R70 Miles Stone Pattikalyana Samalkha Panipat 132102
mail ID :- [email protected], Phone No:- 0180-2569700 Ex.216